English Football Teams North of Liverpool - Statistics

General Stats
  • This quiz has been taken 158 times
  • The average score is 17 of 27
Answer Stats
League Answer % Correct
Premier League Newcastle United
95%
Championship Sunderland
90%
Championship Leeds United
86%
Premier League Burnley
77%
Premier League Manchester City
76%
Premier League Manchester United
76%
League One Blackpool
75%
League Two Carlisle United
75%
League One Blackburn Rovers
73%
Championship Bolton Wanderers
72%
Premier League Everton
72%
Championship Hull City
72%
Premier League Huddersfield Town
70%
Championship Preston North End
69%
League One Bradford City
62%
League One Oldham Athletic
59%
League One Wigan Athletic
55%
League One Fleetwood Town
54%
Championship Barnsley
52%
Championship Middlesborough
49%
League One Doncaster Rovers
48%
League One Bury
44%
League Two Accrington Stanley
43%
League Two Morecambe
42%
League One Rochdale
42%
League Two Grimsby Town
39%
League One Scunthorpe United
35%
No matching quizzes found
Score Distribution
Percent of People with Each Score
Percentile by Number Answered
Your Score History
You have not taken this quiz